El Código Penal y su interpretación en la jurisprudencia. Arts. 118 a 171 / Tomo III :

Guardado en:
Autor Principal: Donna, Edgardo Alberto.
Otros Autores: Abraldes, Sandro F., Alfaro, Vanesa Silvana., Barbero, Natalia., De la Fuente, Javier E., Días, Horacio Leonardo., Salduna, Mariana.
Formato: Libro
Idioma:Spanish
Publicado: Santa Fé : Rubinzal Culzoni, 2012.
Edición:2 ed. amp. y act.
Materias:
Etiquetas: Agregar Etiqueta
Sin Etiquetas, Sea el primero en etiquetar este registro!
LEADER 00779nam a22002295a 4500
001 DER.der015250
008 250715s2012####ag#######b####000#0#spa#d
005 20250715165600.0
245 1 0 |a El Código Penal y su interpretación en la jurisprudencia.  |n Tomo III :  |b Arts. 118 a 171 /  |c Edgardo Alberto Donna...[et. al.]. 
250 |a 2 ed. amp. y act. 
260 |a Santa Fé :  |b Rubinzal Culzoni,  |c 2012. 
300 |a 668 p. 
020 |a 9789873003561 
100 1 |a Donna, Edgardo Alberto. 
700 1 |a Abraldes, Sandro F. 
700 1 |a Alfaro, Vanesa Silvana. 
700 1 |a Barbero, Natalia. 
700 1 |a De la Fuente, Javier E. 
700 1 |a Días, Horacio Leonardo. 
700 1 |a Salduna, Mariana. 
650 7 |a DERECHO PENAL 
859 |a DERECHO  |b BIB. DERECHO  |h 345  |i DON  |p 009482  |3 Tomo III